[Event "NB II. Asztalos csoport"]
[Site "Szentlorinc"]
[Date "2024.03.10"]
[Round "6.8"]
[White "Peregi, Zsolt"]
[Black "Gyorgy, Gergely"]
[Result "1-0"]
[WhiteElo "1941"]
[BlackElo "1828"]
[PlyCount "37"]
[EventDate "2023.10.08"]
[EventType "team-tourn"]
[EventRounds "9"]
[EventCountry "HUN"]
[Source "chess.hu"]
[WhiteTeam "Szentlorinc"]
[BlackTeam "Komloi BSK"]
[WhiteTeamCountry "HUN"]
[BlackTeamCountry "HUN"]

1. e4 c5 2. Nf3 e6 3. Nc3 a6 4. d4 cxd4 5. Nxd4 Nc6 6. Be3 Nf6 7. Nxc6 bxc6 8.
e5 Nd5 9. Nxd5 cxd5 10. Bd3 d6 11. f4 Be7 12. O-O Qc7 13. Bd4 O-O 14. Qh5 h6
15. Rf3 dxe5 16. Bxe5 Bd6 17. Qxh6 f5 18. Bxg7 Kf7 19. Bxf8 1-0

[Event "NB II. Asztalos csoport"]
[Site "Szentlorinc"]
[Date "2024.03.10"]
[Round "6.9"]
[White "Koncsag, Sandor"]
[Black "Jerant, Gyorgy"]
[Result "0-1"]
[WhiteElo "1793"]
[BlackElo "1960"]
[PlyCount "104"]
[EventDate "2023.10.08"]
[EventType "team-tourn"]
[EventRounds "9"]
[EventCountry "HUN"]
[Source "chess.hu"]
[WhiteTeam "Komloi BSK"]
[BlackTeam "Szentlorinc"]
[WhiteTeamCountry "HUN"]
[BlackTeamCountry "HUN"]

1. d4 Nf6 2. Nf3 e6 3. g3 b6 4. Bg2 Bb7 5. O-O Be7 6. Bg5 O-O 7. Nbd2 h6 8.
Bxf6 Bxf6 9. c3 d6 10. Re1 Nd7 11. Qc2 c5 12. dxc5 bxc5 13. Rad1 Qc7 14. c4
Rfe8 15. b3 Bc6 16. Ne4 Be7 17. Nc3 Qb7 18. Rf1 Ne5 19. Ne1 a6 20. Bxc6 Nxc6
21. Nf3 Nb4 22. Qb1 Rab8 23. Nd2 d5 24. Rc1 d4 25. Na4 f5 26. a3 Nc6 27. Nb2
Na5 28. Qd3 Nxb3 29. Rb1 Nxd2 30. Qxd2 Qe4 31. Nd3 Bd6 32. Rb2 Rxb2 33. Qxb2
Rb8 34. Qc2 Qb7 35. Qa4 e5 36. f3 Kf7 37. Nf2 Ke7 38. g4 g6 39. Rd1 e4 40. fxe4
fxe4 41. Qc2 e3 42. Nh3 Kf7 43. Rf1+ Kg7 44. Qd3 Qb3 45. Qe4 Qxc4 46. Nf4 Bxf4
47. Qxf4 Re8 48. Qc7+ Kg8 49. Qf4 Qe6 50. h3 d3 51. exd3 e2 52. Re1 Qe3+ 0-1

[Event "NB II. Asztalos csoport"]
[Site "Szentlorinc"]
[Date "2024.03.10"]
[Round "6.10"]
[White "Bogar, Gabor"]
[Black "Grunwald, Geza Dr"]
[Result "1/2-1/2"]
[WhiteElo "1860"]
[BlackElo "1806"]
[PlyCount "32"]
[EventDate "2023.10.08"]
[EventType "team-tourn"]
[EventRounds "9"]
[EventCountry "HUN"]
[Source "chess.hu"]
[WhiteTeam "Szentlorinc"]
[BlackTeam "Komloi BSK"]
[WhiteTeamCountry "HUN"]
[BlackTeamCountry "HUN"]

1. d4 e6 2. c4 d5 3. Nc3 Nf6 4. Nf3 Nc6 5. Bg5 Be7 6. e3 O-O 7. Bd3 h6 8. Bh4
a6 9. O-O dxc4 10. Bxc4 b5 11. Bd3 Nb4 12. Bxf6 Bxf6 13. Be4 Nd5 14. Nxd5 exd5
15. Bd3 c5 16. Rc1 c4 1/2-1/2

[Event "NB II. Asztalos csoport"]
[Site "Szentlorinc"]
[Date "2024.03.10"]
[Round "6.11"]
[White "Csiszar, Vivien"]
[Black "Csoszi, Csenge"]
[Result "1-0"]
[WhiteElo "1575"]
[BlackElo "1816"]
[PlyCount "95"]
[EventDate "2023.10.08"]
[EventType "team-tourn"]
[EventRounds "9"]
[EventCountry "HUN"]
[Source "chess.hu"]
[WhiteTeam "Komloi BSK"]
[BlackTeam "Szentlorinc"]
[WhiteTeamCountry "HUN"]
[BlackTeamCountry "HUN"]

1. e4 e6 2. d4 d5 3. Nd2 Nf6 4. e5 Nfd7 5. Ngf3 c5 6. c3 Nc6 7. Bd3 Be7 8. O-O
Qb6 9. Re1 cxd4 10. cxd4 Nxd4 11. Nxd4 Qxd4 12. Nf3 Qb6 13. Qa4 Qb4 14. Qc2 Nb6
15. Bd2 Qa4 16. b3 Qd7 17. Nd4 a6 18. a4 Qd8 19. Ba5 Bd7 20. Rac1 Rc8 21. Qd2
Bc5 22. Qf4 Qe7 23. Nf3 Na8 24. Rc2 Ba7 25. Rec1 Rxc2 26. Rxc2 Bc6 27. Bb4 Qd7
28. Qg5 g6 29. Qf6 Rg8 30. Ng5 Bb6 31. Nxh7 Bd8 32. Qf4 Rh8 33. Nf6+ Bxf6 34.
Qxf6 Rg8 35. Qh4 Qd8 36. Qh7 Rf8 37. Qg7 Rh8 38. Qxh8+ Kd7 39. Qxd8+ Kxd8 40.
Bd6 Kd7 41. b4 Bxa4 42. Rc1 Bc6 43. Be2 Nb6 44. h4 Nc8 45. Bc5 b6 46. Bd4 b5
47. g4 Ne7 48. h5 1-0

[Event "NB II. Asztalos csoport"]
[Site "Komlo"]
[Date "2024.04.07"]
[Round "7.1"]
[White "Janoshalmi, Attila"]
[Black "Nemeth, Attila Janos"]
[Result "1-0"]
[WhiteElo "2205"]
[BlackElo "1945"]
[PlyCount "75"]
[EventDate "2023.10.08"]
[EventType "team-tourn"]
[EventRounds "9"]
[EventCountry "HUN"]
[Source "chess.hu"]
[WhiteTeam "Racalmas-Kiralysakk "]
[BlackTeam "Komloi BSK"]
[WhiteTeamCountry "HUN"]
[BlackTeamCountry "HUN"]

1. e4 c6 2. d4 d5 3. exd5 cxd5 4. Bd3 Nc6 5. c3 Nf6 6. Bf4 Bg4 7. Qb3 Qd7 8.
Nd2 e6 9. Ngf3 Nh5 10. Ne5 Qc8 11. Be3 Nf6 12. Bb5 Bd6 13. Qa4 Bxe5 14. dxe5
Nd7 15. Qxg4 g6 16. f4 a6 17. Bd3 b5 18. Nb3 Rb8 19. Qe2 Ne7 20. O-O Nf5 21.
Bf2 Qc7 22. Nd4 Nc5 23. Nxf5 gxf5 24. Bxc5 Qxc5+ 25. Qf2 Qc6 26. Qd4 O-O 27.
Rf3 Rfc8 28. Rg3+ Kf8 29. Rh3 Kg8 30. g4 fxg4 31. Rxh7 a5 32. a3 Qb6 33. Rh4 b4
34. Rxg4+ Kf8 35. Qxb6 Rxb6 36. axb4 axb4 37. Ra7 bxc3 38. Bh7 1-0

[Event "NB II. Asztalos csoport"]
[Site "Komlo"]
[Date "2024.04.07"]
[Round "7.2"]
[White "Bator, Balazs"]
[Black "Katona, Ferenc"]
[Result "1/2-1/2"]
[WhiteElo "1976"]
[BlackElo "2114"]
[PlyCount "67"]
[EventDate "2023.10.08"]
[EventType "team-tourn"]
[EventRounds "9"]
[EventCountry "HUN"]
[Source "chess.hu"]
[WhiteTeam "Komloi BSK"]
[BlackTeam "Racalmas-Kiralysakk "]
[WhiteTeamCountry "HUN"]
[BlackTeamCountry "HUN"]

1. e4 e5 2. Nf3 Nf6 3. Nc3 Bb4 4. d3 d5 5. exd5 Nxd5 6. Bd2 Nxc3 7. Bxc3 Bxc3+
8. bxc3 Nc6 9. Be2 O-O 10. Qd2 Bf5 11. Qg5 Qxg5 12. Nxg5 h6 13. Nf3 e4 14. Nh4
Bh7 15. g3 Rad8 16. d4 f5 17. Ng2 g5 18. h4 f4 19. hxg5 hxg5 20. Rh5 Kh8 21.
gxf4 gxf4 22. Nh4 Ne7 23. Bc4 Kg7 24. Kd2 Bg6 25. Rg5 Rh8 26. Nxg6 Nxg6 27.
Rag1 Rd6 28. Re5 Rh2 29. Rxe4 Rxf2+ 30. Kd1 Kh6 31. Bd3 b5 32. Rh1+ Kg7 33. Rg1
Kh6 34. Rh1+ 1/2-1/2

[Event "NB II. Asztalos csoport"]
[Site "Komlo"]
[Date "2024.04.07"]
[Round "7.3"]
[White "Mohacsi, Andras J"]
[Black "Gyorke, Zoltan"]
[Result "1-0"]
[WhiteElo "2110"]
[BlackElo "1972"]
[PlyCount "54"]
[EventDate "2023.10.08"]
[EventType "team-tourn"]
[EventRounds "9"]
[EventCountry "HUN"]
[Source "chess.hu"]
[WhiteTeam "Racalmas-Kiralysakk "]
[BlackTeam "Komloi BSK"]
[WhiteTeamCountry "HUN"]
[BlackTeamCountry "HUN"]

1. e4 c5 2. Nf3 Nc6 3. Bb5 Nb8 4. d4 cxd4 5. Nxd4 a6 6. Bd3 g6 7. O-O Bg7 8.
Be3 Nc6 9. Nxc6 dxc6 10. c3 Nf6 11. h3 O-O 12. a4 Be6 13. Qe2 Qc7 14. a5 c5 15.
Nd2 Nh5 16. Bc4 Nf4 17. Qf3 Bxc4 18. Bxf4 e5 19. Bxe5 Qxe5 20. Nxc4 Qe6 21. Qe2
Rfe8 22. Rfe1 Rad8 23. f3 Bh6 24. b3 Rd7 25. Rad1 Red8 26. Rxd7 Qxd7 27. Nb6
Bg7 1-0

[Event "NB II. Asztalos csoport"]
[Site "Komlo"]
[Date "2024.04.07"]
[Round "7.4"]
[White "Szaz, Ferenc"]
[Black "Zelenak, Donat"]
[Result "1/2-1/2"]
[WhiteElo "1938"]
[BlackElo "1897"]
[PlyCount "35"]
[EventDate "2023.10.08"]
[EventType "team-tourn"]
[EventRounds "9"]
[EventCountry "HUN"]
[Source "chess.hu"]
[WhiteTeam "Komloi BSK"]
[BlackTeam "Racalmas-Kiralysakk "]
[WhiteTeamCountry "HUN"]
[BlackTeamCountry "HUN"]

1. d4 d5 2. c4 c6 3. Nf3 Nf6 4. Nc3 a6 5. e3 b5 6. c5 Bg4 7. Be2 g6 8. Ne5 Bxe2
9. Qxe2 Bg7 10. O-O O-O 11. f4 Qc7 12. Bd2 Nbd7 13. a4 Rfb8 14. a5 Rd8 15. b4
Nxe5 16. fxe5 Ne8 17. Qg4 Qc8 18. Qxc8 1/2-1/2

[Event "NB II. Asztalos csoport"]
[Site "Komlo"]
[Date "2024.04.07"]
[Round "7.5"]
[White "Zsigmond, Karoly"]
[Black "Varga, Miklos"]
[Result "0-1"]
[WhiteElo "1875"]
[BlackElo "1935"]
[PlyCount "60"]
[EventDate "2023.10.08"]
[EventType "team-tourn"]
[EventRounds "9"]
[EventCountry "HUN"]
[Source "chess.hu"]
[WhiteTeam "Racalmas-Kiralysakk "]
[BlackTeam "Komloi BSK"]
[WhiteTeamCountry "HUN"]
[BlackTeamCountry "HUN"]

1. d4 d5 2. Nf3 Nf6 3. Bf4 e6 4. e3 Be7 5. Bd3 O-O 6. Nbd2 c5 7. c3 c4 8. Bb1
Nh5 9. Bxb8 Rxb8 10. e4 dxe4 11. Nxe4 f5 12. Ne5 Nf4 13. Nd2 Nxg2+ 14. Kf1 Nh4
15. Ndxc4 Bf6 16. Rg1 Qc7 17. Qe2 b5 18. Nd2 Bb7 19. f4 Rfd8 20. Rg3 Qb6 21.
Ndf3 Nxf3 22. Nxf3 b4 23. Ne5 bxc3 24. bxc3 Bxe5 25. fxe5 Rxd4 26. cxd4 Qxd4
27. Qe1 Ba6+ 28. Kg2 Rb2+ 29. Kh3 Qf4 30. Qe3 Bf1+ 0-1

[Event "NB II. Asztalos csoport"]
[Site "Komlo"]
[Date "2024.04.07"]
[Round "7.6"]
[White "Pater, Peter"]
[Black "Szabo, Levente"]
[Result "1-0"]
[WhiteElo "1957"]
[BlackElo "1915"]
[PlyCount "91"]
[EventDate "2023.10.08"]
[EventType "team-tourn"]
[EventRounds "9"]
[EventCountry "HUN"]
[Source "chess.hu"]
[WhiteTeam "Komloi BSK"]
[BlackTeam "Racalmas-Kiralysakk "]
[WhiteTeamCountry "HUN"]
[BlackTeamCountry "HUN"]

1. d4 d5 2. c4 e6 3. Nf3 Nf6 4. g3 Be7 5. Bg2 O-O 6. O-O c6 7. b3 Nbd7 8. Bb2
b6 9. Nc3 Ba6 10. Nd2 Rc8 11. cxd5 cxd5 12. Rc1 h5 13. Re1 h4 14. e4 hxg3 15.
hxg3 dxe4 16. Ndxe4 Nxe4 17. Nxe4 Nf6 18. Nxf6+ Bxf6 19. Ba3 Re8 20. Bc6 Rxc6
21. Rxc6 Bb7 22. Rd6 Qb8 23. Qc1 Be7 24. Rd7 Rc8 25. Bxe7 Rxc1 26. Rxc1 Kh7 27.
Rd8 Bc8 28. Rdxc8 Qb7 29. Bg5 Qf3 30. R8c7 Kg6 31. Be3 Kh5 32. Rc8 Kg4 33. Rh8
g5 34. Rh7 f6 35. Rxa7 Kh3 36. Rh7+ Kg4 37. Kh2 Qe2 38. Ra7 Qd3 39. Rb7 Kf3 40.
Rg7 b5 41. Rg1 g4 42. Rc7 Qf5 43. Rg2 Qb1 44. Rc1 Qxa2 45. Re1 Ke4 46. f3+ 1-0

[Event "NB II. Asztalos csoport"]
[Site "Komlo"]
[Date "2024.04.07"]
[Round "7.7"]
[White "Szabo, Levente Jr"]
[Black "Kadar, Gabor"]
[Result "0-1"]
[WhiteElo "1873"]
[BlackElo "1921"]
[PlyCount "77"]
[EventDate "2023.10.08"]
[EventType "team-tourn"]
[EventRounds "9"]
[EventCountry "HUN"]
[Source "chess.hu"]
[WhiteTeam "Racalmas-Kiralysakk "]
[BlackTeam "Komloi BSK"]
[WhiteTeamCountry "HUN"]
[BlackTeamCountry "HUN"]

1. d4 Nf6 2. Nf3 g6 3. c4 Bg7 4. Nc3 O-O 5. e4 d6 6. Bd3 Bg4 7. O-O Nc6 8. Be2
Bxf3 9. Bxf3 e5 10. d5 Nd4 11. Be3 Nxf3+ 12. Qxf3 Qd7 13. Rac1 Ne8 14. Qe2 f5
15. f3 Nf6 16. Qd3 f4 17. Bf2 g5 18. c5 g4 19. cxd6 cxd6 20. Nb5 gxf3 21. gxf3
Qh3 22. Bxa7 Ng4 23. Qe2 Rxa7 24. Nxa7 Ne3 25. Nb5 Rf6 26. Kh1 Nxf1 27. Qxf1
Qh5 28. Rc8+ Bf8 29. Nc7 Kf7 30. Ne6 Be7 31. Rc7 Rh6 32. Qf2 Rg6 33. Rxb7 Rg3
34. Rb3 Qh3 35. a4 Bh4 36. a5 Rg6 37. Qe2 Bg3 38. Rc3 Bxh2 39. Rc2 0-1

[Event "NB II. Asztalos csoport"]
[Site "Komlo"]
[Date "2024.04.07"]
[Round "7.8"]
[White "Koncsag, Sandor"]
[Black "Samu, Jozsef"]
[Result "0-1"]
[WhiteElo "1792"]
[BlackElo "1831"]
[PlyCount "176"]
[EventDate "2023.10.08"]
[EventType "team-tourn"]
[EventRounds "9"]
[EventCountry "HUN"]
[Source "chess.hu"]
[WhiteTeam "Komloi BSK"]
[BlackTeam "Racalmas-Kiralysakk "]
[WhiteTeamCountry "HUN"]
[BlackTeamCountry "HUN"]

1. d4 Nf6 2. Nf3 g6 3. g3 Bg7 4. Bg2 O-O 5. O-O d5 6. c3 c5 7. dxc5 Ne4 8. Nbd2
Nxc5 9. Nb3 Ne4 10. Ng5 Nf6 11. Nf3 Nc6 12. Nfd4 e5 13. Nxc6 bxc6 14. Bg5 Qb6
15. Be3 Qc7 16. Bc5 Re8 17. Qd2 Be6 18. h3 Nd7 19. Be3 Rad8 20. Rad1 Nb6 21.
Qc1 Nc4 22. Bc5 Na5 23. Rfe1 Nb7 24. Ba3 a5 25. Nc5 Nxc5 26. Bxc5 Bf8 27. Bxf8
Rxf8 28. a3 Qb6 29. e4 d4 30. cxd4 exd4 31. Bf1 c5 32. Kg2 Rb8 33. Rd2 Rfc8 34.
Bc4 Bxc4 35. Qxc4 Qc6 36. f3 Rb5 37. Ree2 Qb6 38. Kf2 Rb8 39. h4 Qe6 40. Qxe6
fxe6 41. e5 Rb3 42. Kg2 d3 43. Rf2 c4 44. f4 a4 45. Kf3 c3 46. bxc3 Rxc3 47.
Ke4 Rbb3 48. Rf3 Rc4+ 49. Ke3 Rxa3 50. Rxd3 Ra2 51. Rf2 Ra1 52. Rb2 Rc7 53.
Rb8+ Kg7 54. Ra8 Rb7 55. Ra6 Kf7 56. Kf3 Ra2 57. Kg4 Kg7 58. h5 Rb3 59. Rd7+
Kh6 60. Raa7 gxh5+ 61. Kh3 Rb1 62. Rxh7+ Kg6 63. Rag7+ Kf5 64. Rxh5+ Ke4 65.
Kg4 a3 66. Ra7 Rb3 67. Ra4+ Kd5 68. Rh1 Rg2 69. Rh3 a2 70. Ra6 Rb1 71. Ra5+ Kc4
72. Kf3 Rc2 73. Rh8 Rc3+ 74. Kg4 a1=Q 75. Rxa1 Rxa1 76. Rc8+ Kd4 77. Rd8+ Ke4
78. Rd6 Rg1 79. Rxe6 Rgxg3+ 80. Kh4 Rcf3 81. Ra6 Rg8 82. Ra4+ Kf5 83. Ra6 Rxf4+
84. Kh3 Re4 85. e6 Rxe6 86. Ra5+ Kf4 87. Ra4+ Kf3 88. Ra3+ Re3 0-1

[Event "NB II. Asztalos csoport"]
[Site "Komlo"]
[Date "2024.04.07"]
[Round "7.9"]
[White "Katona, Gergo"]
[Black "Kollar, Tibor"]
[Result "0-1"]
[WhiteElo "1769"]
[BlackElo "1816"]
[PlyCount "72"]
[EventDate "2023.10.08"]
[EventType "team-tourn"]
[EventRounds "9"]
[EventCountry "HUN"]
[Source "chess.hu"]
[WhiteTeam "Racalmas-Kiralysakk "]
[BlackTeam "Komloi BSK"]
[WhiteTeamCountry "HUN"]
[BlackTeamCountry "HUN"]

1. d4 d5 2. f4 Bf5 3. Nf3 e6 4. e3 Nd7 5. Bd3 Qf6 6. O-O c5 7. c3 c4 8. Bxf5
Qxf5 9. Qa4 a6 10. Na3 Ngf6 11. Ne5 Bd6 12. Nb5 Bb8 13. Qa3 Ne4 14. Qa4 Nb6 15.
Nd6+ Kd8 16. Nexf7+ Kc7 17. Nxf5 Nxa4 18. Nxh8 exf5 19. Nf7 Kd7 20. Rf3 Ke7 21.
Ne5 Bxe5 22. fxe5 Ke6 23. Kf1 b5 24. Ke1 g5 25. Kd1 h5 26. Kc2 a5 27. Rb1 b4
28. cxb4 axb4 29. Bd2 b3+ 30. axb3 cxb3+ 31. Kd1 Rc8 32. Rc1 Nxb2+ 33. Ke2 Nc4
34. Bc3 Ra8 35. Ke1 Nxc3 36. Rxc3 b2 0-1

[Event "NB II. Asztalos csoport"]
[Site "Komlo"]
[Date "2024.04.07"]
[Round "7.10"]
[White "Grunwald, Geza Dr"]
[Black "Kortelyesi, Richard"]
[Result "1-0"]
[WhiteElo "1808"]
[BlackElo "1757"]
[PlyCount "105"]
[EventDate "2023.10.08"]
[EventType "team-tourn"]
[EventRounds "9"]
[EventCountry "HUN"]
[Source "chess.hu"]
[WhiteTeam "Komloi BSK"]
[BlackTeam "Racalmas-Kiralysakk "]
[WhiteTeamCountry "HUN"]
[BlackTeamCountry "HUN"]

1. d4 d5 2. c4 e6 3. Nc3 f5 4. e3 Nf6 5. Nf3 c6 6. Bd3 Bd6 7. h3 O-O 8. O-O Ne4
9. Ne5 Nd7 10. f4 Qh4 11. Bd2 g5 12. Be1 Qh6 13. Rf3 Nxe5 14. dxe5 g4 15. Bxe4
gxf3 16. Bxf3 Bc5 17. Bf2 Kh8 18. Kh2 Be7 19. cxd5 exd5 20. Ne2 Be6 21. Nd4 Rg8
22. Nxe6 Qxe6 23. g4 b5 24. Qc2 fxg4 25. Bxg4 Rxg4 26. hxg4 Qxg4 27. Qd1 Qg6
28. Qf3 Rg8 29. f5 Qh6+ 30. Qh3 Qxh3+ 31. Kxh3 Rf8 32. f6 Bxf6 33. exf6 Rxf6
34. Bg3 Re6 35. Bf4 Rg6 36. Be5+ Kg8 37. Rf1 Re6 38. Bd4 a5 39. Kg4 Rg6+ 40.
Kf5 Kf7 41. Ke5+ Ke7 42. Bc5+ Kd8 43. Rf6 Rg2 44. Bd4 Rc2 45. Kd6 Ke8 46. Rh6
c5 47. Bxc5 Rxb2 48. a3 b4 49. axb4 axb4 50. Kxd5 b3 51. Rxh7 Rb1 52. Bd4 Kd8
53. Rb7 1-0

[Event "NB II. Asztalos csoport"]
[Site "Komlo"]
[Date "2024.04.07"]
[Round "7.11"]
[White "Berei, Zsolt"]
[Black "Csiszar, Vivien"]
[Result "1-0"]
[WhiteElo "1646"]
[BlackElo "1607"]
[PlyCount "63"]
[EventDate "2023.10.08"]
[EventType "team-tourn"]
[EventRounds "9"]
[EventCountry "HUN"]
[Source "chess.hu"]
[WhiteTeam "Racalmas-Kiralysakk "]
[BlackTeam "Komloi BSK"]
[WhiteTeamCountry "HUN"]
[BlackTeamCountry "HUN"]

1. e4 d6 2. d4 Nf6 3. Nc3 e5 4. d5 Be7 5. h3 Nbd7 6. Nf3 O-O 7. Be3 c6 8. Bd3
h6 9. g4 Kh7 10. g5 Ne8 11. gxh6 gxh6 12. Qd2 h5 13. h4 Rg8 14. O-O-O a5 15.
Ng5+ Bxg5 16. hxg5 Ng7 17. f4 Rh8 18. f5 Kg8 19. f6 Ne8 20. Qe2 h4 21. Qf2 h3
22. Qg3 Nb6 23. Rdf1 a4 24. g6 a3 25. b3 Bd7 26. Be2 Rc8 27. Bg4 Bxg4 28. Qxg4
cxd5 29. Rxh3 Rxh3 30. Qxh3 Nxf6 31. Bxb6 Qxb6 32. Qxc8+ 1-0

[Event "NB II. Asztalos csoport"]
[Site "Komlo"]
[Date "2024.04.07"]
[Round "7.12"]
[White "Nemeth, David Istvan"]
[Black "Tamasi, Levente"]
[Result "1/2-1/2"]
[WhiteElo "1676"]
[BlackElo "1564"]
[PlyCount "69"]
[EventDate "2023.10.08"]
[EventType "team-tourn"]
[EventRounds "9"]
[EventCountry "HUN"]
[Source "chess.hu"]
[WhiteTeam "Komloi BSK"]
[BlackTeam "Racalmas-Kiralysakk "]
[WhiteTeamCountry "HUN"]
[BlackTeamCountry "HUN"]

1. d4 e6 2. c4 d5 3. Nf3 Bb4+ 4. Bd2 Bxd2+ 5. Nbxd2 Nf6 6. g3 O-O 7. Bg2 c6 8.
O-O Nbd7 9. Qc2 Re8 10. Rfe1 a6 11. c5 e5 12. dxe5 Nxe5 13. b4 Nxf3+ 14. Nxf3
Bg4 15. Nd4 Bh5 16. Bh3 Bg6 17. Bf5 Qc7 18. Bxg6 hxg6 19. f3 Qe5 20. Qd2 Qe3+
21. Qxe3 Rxe3 22. Kf2 Rae8 23. a4 Nd7 24. Rab1 R3e7 25. Rec1 Ne5 26. Rc2 Nc4
27. Rb3 Re3 28. Rxe3 Nxe3 29. Rd2 Nc4 30. Rd3 Kf8 31. b5 Na5 32. bxa6 bxa6 33.
Nb3 Nc4 34. Nd4 Na5 35. Nb3 1/2-1/2

[Event "NB II. Asztalos csoport"]
[Site "Baja"]
[Date "2024.04.07"]
[Round "7.1"]
[White "Bihercz, Gabor"]
[Black "Jesenski, Tibor"]
[Result "1-0"]
[WhiteElo "2177"]
[BlackElo "2244"]
[PlyCount "73"]
[EventDate "2023.10.08"]
[EventType "team-tourn"]
[EventRounds "9"]
[EventCountry "HUN"]
[Source "chess.hu"]
[WhiteTeam "Szentlorinc"]
[BlackTeam "Bajai SSC"]
[WhiteTeamCountry "HUN"]
[BlackTeamCountry "HUN"]

1. d4 Nf6 2. Nc3 d6 3. e4 g6 4. f4 Bg7 5. Nf3 O-O 6. Bd3 Nc6 7. O-O e5 8. fxe5
dxe5 9. d5 Nb4 10. Be2 Ne8 11. Bg5 f6 12. Be3 Nd6 13. Nd2 f5 14. a3 Na6 15. Nb5
b6 16. Nxd6 cxd6 17. b4 Nc7 18. c4 Kh8 19. Rc1 Ne8 20. c5 Nf6 21. Bf3 f4 22.
Bf2 g5 23. h3 Rg8 24. Nc4 bxc5 25. bxc5 Bf8 26. cxd6 Bxd6 27. Nxd6 Qxd6 28. Rc6
Qf8 29. Qa1 g4 30. Qxe5 gxf3 31. Bd4 Rxg2+ 32. Kh1 Bxh3 33. Qxf4 Rg6 34. Rxf6
Bg2+ 35. Kh2 Kg8 36. Rxf8+ Rxf8 37. Qe5 1-0

[Event "NB II. Asztalos csoport"]
[Site "Baja"]
[Date "2024.04.07"]
[Round "7.2"]
[White "Arbutina, Sinisa"]
[Black "Bene, Zoltan"]
[Result "1-0"]
[WhiteElo "2185"]
[BlackElo "2159"]
[PlyCount "87"]
[EventDate "2023.10.08"]
[EventType "team-tourn"]
[EventRounds "9"]
[EventCountry "HUN"]
[Source "chess.hu"]
[WhiteTeam "Bajai SSC"]
[BlackTeam "Szentlorinc"]
[WhiteTeamCountry "HUN"]
[BlackTeamCountry "HUN"]

1. d4 Nf6 2. c4 g6 3. Nc3 Bg7 4. e4 d6 5. f3 O-O 6. Be3 e5 7. Nge2 Nc6 8. d5
Ne7 9. Qd2 c6 10. g4 cxd5 11. cxd5 a6 12. Ng3 b5 13. Bd3 Nd7 14. h4 Nc5 15. Bc2
b4 16. Na4 Nxa4 17. Bxa4 Bd7 18. Bxd7 Qxd7 19. h5 f5 20. gxf5 gxf5 21. Bg5 fxe4
22. Bxe7 Qxe7 23. fxe4 Rac8 24. Nf5 Rxf5 25. exf5 Rc4 26. Qg2 Kh8 27. h6 Bf6
28. O-O Rc8 29. Qe4 Bh4 30. f6 Rg8+ 31. Kh1 Qf7 32. Rf5 Bg5 33. Qf3 e4 34. Qg4
Bxf6 35. Qh3 Qg6 36. Raf1 Be7 37. Rf7 Qg5 38. Rg7 Rxg7 39. hxg7+ Qxg7 40. Qc8+
Qg8 41. Qxg8+ Kxg8 42. Re1 Bf6 43. Rxe4 a5 44. b3 1-0

[Event "NB II. Asztalos csoport"]
[Site "Baja"]
[Date "2024.04.07"]
[Round "7.3"]
[White "Drinoczi, Peter"]
[Black "Gabric, Goran"]
[Result "0-1"]
[WhiteElo "2032"]
[BlackElo "2174"]
[PlyCount "70"]
[EventDate "2023.10.08"]
[EventType "team-tourn"]
[EventRounds "9"]
[EventCountry "HUN"]
[Source "chess.hu"]
[WhiteTeam "Szentlorinc"]
[BlackTeam "Bajai SSC"]
[WhiteTeamCountry "HUN"]
[BlackTeamCountry "HUN"]

1. e4 e5 2. Nf3 Nc6 3. Bb5 a6 4. Ba4 Nf6 5. d3 b5 6. Bb3 Be7 7. c3 O-O 8. O-O
d5 9. Qe2 dxe4 10. dxe4 Bg4 11. Bg5 Na5 12. Bc2 c5 13. Nbd2 Qc7 14. h3 Be6 15.
b3 Rfd8 16. Rfd1 c4 17. b4 Nc6 18. a4 Nh5 19. Nf1 h6 20. Be3 Nf4 21. Bxf4 exf4
22. axb5 axb5 23. Rxa8 Rxa8 24. e5 Ra3 25. Qe4 g6 26. Nd4 Nxd4 27. Qxd4 Qa7 28.
Qxf4 Rxc3 29. Qd2 Qa3 30. Be4 Kg7 31. Nh2 Rb3 32. Ng4 Bg5 33. f4 Rb2 34. Qc1
Be7 35. Nxh6 Kxh6 0-1

[Event "NB II. Asztalos csoport"]
[Site "Baja"]
[Date "2024.04.07"]
[Round "7.4"]
[White "Balint, Richard"]
[Black "Hovorka, Tamas"]
[Result "1/2-1/2"]
[WhiteElo "2093"]
[BlackElo "2026"]
[PlyCount "84"]
[EventDate "2023.10.08"]
[EventType "team-tourn"]
[EventRounds "9"]
[EventCountry "HUN"]
[Source "chess.hu"]
[WhiteTeam "Bajai SSC"]
[BlackTeam "Szentlorinc"]
[WhiteTeamCountry "HUN"]
[BlackTeamCountry "HUN"]

1. e4 g6 2. d4 c6 3. Nf3 d5 4. e5 Bg4 5. g3 Bxf3 6. Qxf3 e6 7. Qb3 Qb6 8. Be3
Nd7 9. Nd2 c5 10. Bb5 Rc8 11. Qa4 Rd8 12. Nb3 c4 13. Nc5 Bxc5 14. dxc5 Qc7 15.
Qxa7 Ne7 16. O-O O-O 17. Bxd7 Rxd7 18. f4 Qc6 19. Qb6 Ra8 20. Qxc6 Nxc6 21. c3
Rdd8 22. b3 d4 23. cxd4 Nxd4 24. Bxd4 Rxd4 25. Rad1 Rxd1 26. Rxd1 Rxa2 27. bxc4
Ra5 28. Rd8+ Kg7 29. Rc8 Ra1+ 30. Kf2 Rc1 31. c6 b6 32. Ke3 Rxc4 33. c7 b5 34.
Kd3 Rc6 35. g4 b4 36. Rb8 Rxc7 37. Rxb4 Ra7 38. Rb3 Ra4 39. Ke3 Ra1 40. Kf3 Rh1
41. Ke4 Re1+ 42. Re3 Ra1 1/2-1/2

[Event "NB II. Asztalos csoport"]
[Site "Baja"]
[Date "2024.04.07"]
[Round "7.5"]
[White "Horvath, Gergely"]
[Black "Follardt, Lorinc"]
[Result "1/2-1/2"]
[WhiteElo "1954"]
[BlackElo "1978"]
[PlyCount "87"]
[EventDate "2023.10.08"]
[EventType "team-tourn"]
[EventRounds "9"]
[EventCountry "HUN"]
[Source "chess.hu"]
[WhiteTeam "Szentlorinc"]
[BlackTeam "Bajai SSC"]
[WhiteTeamCountry "HUN"]
[BlackTeamCountry "HUN"]

1. e4 e6 2. d4 d5 3. Nc3 Nf6 4. Bg5 dxe4 5. Nxe4 Be7 6. Nxf6+ Bxf6 7. Bxf6 Qxf6
8. Nf3 Nc6 9. Bd3 Bd7 10. c3 O-O 11. Qc2 h6 12. O-O e5 13. dxe5 Nxe5 14. Nxe5
Qxe5 15. Be4 c6 16. Rfe1 Qg5 17. Re3 Rae8 18. Rae1 f5 19. Bf3 Rxe3 20. Rxe3 f4
21. Re1 Bh3 22. Kh1 Bg4 23. Bxg4 Qxg4 24. Qe4 Qf5 25. Kg1 Qxe4 26. Rxe4 Rd8 27.
Kf1 Rd2 28. Re2 Rd7 29. Re4 g5 30. Re6 Rd2 31. Re2 Rd1+ 32. Re1 Rxe1+ 33. Kxe1
Kf7 34. Ke2 Ke6 35. Kf3 Kf5 36. h3 h5 37. g4+ fxg3 38. fxg3 h4 39. gxh4 gxh4
40. b3 c5 41. b4 cxb4 42. cxb4 b5 43. Ke3 Ke5 44. Kf3 1/2-1/2

[Event "NB II. Asztalos csoport"]
[Site "Baja"]
[Date "2024.04.07"]
[Round "7.6"]
[White "Darazs, Zoltan"]
[Black "Peregi, Zsolt"]
[Result "1-0"]
[WhiteElo "2030"]
[BlackElo "1957"]
[PlyCount "33"]
[EventDate "2023.10.08"]
[EventType "team-tourn"]
[EventRounds "9"]
[EventCountry "HUN"]
[Source "chess.hu"]
[WhiteTeam "Bajai SSC"]
[BlackTeam "Szentlorinc"]
[WhiteTeamCountry "HUN"]
[BlackTeamCountry "HUN"]

1. e4 c5 2. Nf3 Nc6 3. d4 cxd4 4. Nxd4 Nf6 5. Nc3 e5 6. Ndb5 d6 7. Bg5 a6 8.
Na3 b5 9. Bxf6 gxf6 10. Nd5 f5 11. c3 Be6 12. exf5 Bxd5 13. Qxd5 Ne7 14. Qf3
Rb8 15. f6 Ng6 16. Qc6+ Qd7 17. Qxa6 1-0